| 000 | nam a22 a 4500 | ||
|---|---|---|---|
| 999 |
_c447307 _d447307 |
||
| 003 | BLK | ||
| 005 | 20220307105923.0 | ||
| 008 | 220307b bu |||||r|||| 00| | bu d | ||
| 040 | _aBLK | ||
| 041 |
_aBUL _cBUL |
||
| 080 |
_aОбщо машиностроене. Ядрена техника. Електротехника. Технология на машиностроенето в цялост _b621 _x(062) _z621(062) |
||
| 139 | _bН 99 | ||
| 245 |
_aНякога и сега _b1907-1969 г. : [Ист. очерк за ДМЗ "Г. Димитров" - Русе] _h[Малотир. изд.] |
||
| 260 |
_9441842 _aРусе _bб. и. _c1969 |
||
| 300 |
_a62 с. _bс ил. _c23 см |
||
| 380 | _a62 | ||
| 500 | _aглав. ред. Боянка Маринова-Куюмджиева | ||
| 653 | 7 |
_9190685 _aмашиностроене |
|
| 653 | 7 |
_9187889 _aистория |
|
| 852 |
_bК _cК 62/Н 99 |
||
| 942 |
_cKNG _n0 _s1 |
||
| 944 |
_aCR _c2022-03-07 _kвр |
||